| 000 -LEADER |
| fixed length control field |
01526cam a2200313 i 4500 |
| 001 - CONTROL NUMBER |
| control field |
19287670 |
| 003 - CONTROL NUMBER IDENTIFIER |
| control field |
MAJU-Karachi |
| 005 - DATE AND TIME OF LATEST TRANSACTION |
| control field |
20220219120903.0 |
| 008 - FIXED-LENGTH DATA ELEMENTS--GENERAL INFORMATION |
| fixed length control field |
160923s2017 iaua 000 0 eng |
| 010 ## - LIBRARY OF CONGRESS CONTROL NUMBER |
| LC control number |
2016042444 |
| 020 ## - INTERNATIONAL STANDARD BOOK NUMBER |
| International Standard Book Number |
9781259870538 (alk. paper) |
| 040 ## - CATALOGING SOURCE |
| Original cataloging agency |
DLC |
| Language of cataloging |
eng |
| Transcribing agency |
DLC |
| Description conventions |
rda |
| Modifying agency |
DLC |
| 042 ## - AUTHENTICATION CODE |
| Authentication code |
pcc |
| 050 00 - LIBRARY OF CONGRESS CALL NUMBER |
| Classification number |
BF637.I5 |
| Item number |
S75 2017 |
| 082 00 - DEWEY DECIMAL CLASSIFICATION NUMBER |
| Classification number |
158.3/9 |
| Edition number |
23 |
| 100 1# - MAIN ENTRY--PERSONAL NAME |
| Personal name |
Stewart, Charles J., |
| Relator term |
author. |
| 245 10 - TITLE STATEMENT |
| Title |
Interviewing : |
| Remainder of title |
principles and practices / |
| Statement of responsibility, etc |
Charles J. Stewart, Purdue University, William B. Cash, Jr. |
| 250 ## - EDITION STATEMENT |
| Edition statement |
Fifteenth Edition. |
| 300 ## - PHYSICAL DESCRIPTION |
| Extent |
328 pages : |
| Other physical details |
ill. ; |
| Dimensions |
22 cm |
| 500 ## - GENERAL NOTE |
| General note |
Revised edition of the authors' Interviewing, [2014] |
| 505 0# - FORMATTED CONTENTS NOTE |
| Formatted contents note |
Preface -- An introduction to interviewing -- An interpersonal communication process -- Questions and their uses -- Structuring the interview -- The informational interview -- The survey interview -- The recruiting interview -- The employment interview -- The performance interview -- The persuasive interview -- The counseling interview -- The health care interview -- Glossary -- Author index -- Subject index. |
| 650 #0 - SUBJECT ADDED ENTRY--TOPICAL TERM |
| Topical term or geographic name as entry element |
Interviewing |
| Form subdivision |
Textbooks. |
| 650 #0 - SUBJECT ADDED ENTRY--TOPICAL TERM |
| Topical term or geographic name as entry element |
Employment interviewing |
| Form subdivision |
Textbooks. |
| 650 #0 - SUBJECT ADDED ENTRY--TOPICAL TERM |
| Topical term or geographic name as entry element |
Counseling |
| Form subdivision |
Textbooks. |
| 700 1# - ADDED ENTRY--PERSONAL NAME |
| Personal name |
Cash, William B., |
| Relator term |
author. |
| 906 ## - LOCAL DATA ELEMENT F, LDF (RLIN) |
| a |
7 |
| b |
cbc |
| c |
orignew |
| d |
1 |
| e |
ecip |
| f |
20 |
| g |
y-gencatlg |
| 942 ## - ADDED ENTRY ELEMENTS (KOHA) |
| Source of classification or shelving scheme |
|
| Koha item type |
Management |